History as it happened: Selected articles from monthly review 1949-1998 (Record no. 41648)

MARC details
000 -LEADER
fixed length control field 00368nam a2200121Ia 4500
082 ## - DEWEY DECIMAL CLASSIFICATION NUMBER
Classification number 33(081.2)
Item number ORT
245 #0 - TITLE STATEMENT
Title History as it happened: Selected articles from monthly review 1949-1998
260 ## - PUBLICATION, DISTRIBUTION, ETC. (IMPRINT)
Place of publication Kharagpur
Name of publisher Cornerstone Publications
Year of publication 1999
700 ## - ADDED ENTRY--PERSONAL NAME
Personal name Gupta, Tilak D
700 ## - ADDED ENTRY--PERSONAL NAME
Personal name Ortiz, Bobbye S
942 ## - ADDED ENTRY ELEMENTS (KOHA)
Koha item type Books
Holdings
Withdrawn status Lost status Damaged status Not for loan Home library Current library Date acquired Cost, normal purchase price Full call number Accession Number Koha item type
        RRII Library RRII Library 16/12/2021 150.00 33(081.2) ORT 21934 Books